Irodalom a zenében, zene az irodalomban - Összehasonlító műelemzés Milan Kundera regénye nyomán
Elmentve itt :
| Szerző: | |
|---|---|
| További közreműködők: | |
| Dokumentumtípus: | Szakdolgozat |
| Megjelent: |
1999
|
| Tárgyszavak: | |
| Online Access: | http://diploma.bibl.u-szeged.hu/43925 |
| LEADER | 00598nta a2200157 i 4500 | ||
|---|---|---|---|
| 001 | dipl43925 | ||
| 005 | 20140918103926.0 | ||
| 008 | 140909s1999 hu om 0|| zxx d | ||
| 040 | |a SZTE Diploma Repozitórium |b hun | ||
| 041 | |a zxx | ||
| 100 | 1 | |a Székely Zita | |
| 245 | 1 | 0 | |a Irodalom a zenében, zene az irodalomban - Összehasonlító műelemzés Milan Kundera regénye nyomán |h [elektronikus dokumentum] / |c Zita Székely |
| 260 | |c 1999 | ||
| 650 | 4 | |a Bölcsészettudományok | |
| 700 | 1 | |a Fried István |e ths | |
| 856 | 4 | 0 | |u http://diploma.bibl.u-szeged.hu/id/eprint/43925/1/1999_szekely_zita.pdf |z Dokumentum-elérés |